000 00802nam a2200253 i 4500
001 153729
003 ES-MaACL
005 20250827062627.0
008 931025s1891 sp |||| | spa d
040 _aPAB
_bspa
_cPAB
110 1 _aEspaña
_93622
240 1 0 _a[Leyes, etc. electorales]
245 1 0 _aLegislación electoral vigente /
_cpor Emilio Bravo Moltó.
260 _aMadrid :
_b[s.n.],
_c1891 (
_fEstab. tip. de Pedro Núñez)
300 _a272 p. ;
_c19 cm.
490 1 _aBiblioteca judicial ;
_v80
597 _aSignaturizado.
597 _aAntep.
650 4 _aDerecho electoral-
_zEspaña
_911705
700 0 _aBravo Moltó, Emilio.
_931493
830 0 _aBiblioteca judicial ;
_v80
_9181856
852 _aES-MaACL
_jB-6632
_z-- Enc. pasta
999 _c153729
_d153729